Valores que cuentan (Record no. 3627)

MARC details
000 -LEADER
campo de control de longitud fija 00664nam a22001937a 4500
001 - NÚMERO DE CONTROL
campo de control 14664
005 - FECHA Y HORA DE LA ÚLTIMA TRANSACCIÓN
campo de control 20250522045645.0
008 - DATOS DE LONGITUD FIJA--INFORMACIÓN GENERAL
campo de control de longitud fija 5230202016 sp a
020 ## - NÚMERO INTERNACIONAL ESTÁNDAR DEL LIBRO
Número Internacional Estándar del Libro 978-9962-04-416-1
082 ## - NÚMERO DE LA CLASIFICACIÓN DECIMAL DEWEY
Número de clasificación 370114
Número de ítem R668v
100 ## - ENTRADA PRINCIPAL--NOMBRE DE PERSONA
Nombre de persona Rondón Socha, Daniel Alberto.
245 ## - MENCIÓN DEL TÍTULO
Título Valores que cuentan
Mención de responsabilidad, etc. Daniel Alberto Rondón Socha ;
-- Cristian Alfonso Vega, Ilustración y color.
-- Juan Carlos Olivero Fortich, Director
260 ## - PUBLICACIÓN, DISTRIBUCIÓN, ETC.
Lugar de publicación, distribución, etc. España :
Nombre del editor, distribuidor, etc. Lexus Editores
300 ## - DESCRIPCIÓN FÍSICA
Extensión 200 p. ;
Otros detalles físicos il. ; 27 cm.
650 ## - PUNTO DE ACCESO ADICIONAL DE MATERIA--TÉRMINO DE MATERIA
Término de materia o nombre geográfico como elemento de entrada 1.Valores Morales-Niños
700 ## - ENTRADA AGREGADA--NOMBRE PERSONAL
Nombre de persona I.Olivero Fortich, Juan Carlos, dir
700 ## - ENTRADA AGREGADA--NOMBRE PERSONAL
Nombre de persona II.Vega, Cristian Alfonso, il
700 ## - ENTRADA AGREGADA--NOMBRE PERSONAL
Nombre de persona III.Tít.
Holdings
Estatus retirado Estado de pérdida Estado de daño No para préstamo Colección Biblioteca de origen Biblioteca actual Fecha de adquisición Total de préstamos Signatura topográfica completa Código de barras Visto por última vez Copia número Precio de reemplazo Tipo de ítem Koha
        Acervo general de Libros Biblioteca Central Mons. Favio M. Rivas S. Biblioteca Central Mons. Favio M. Rivas S. 20/03/2017   370114 000000005422 23/05/2025 1 23/05/2025 Libros